eVALU8: Learning by Evaluating zvýšenie kvality výskumu v oblasti hodnotenia podporných politík

Salvato in:
Dettagli Bibliografici
Autore principale: Szitásiová, Valéria, 1987-
Ente Autore: Národohospodárska fakulta EU. Katedra verejnej správy a regionálneho rozvoja
Natura: Libro
Lingua:slovacco
Pubblicazione: Bratislava 2015
Soggetti:
Tags: Aggiungi Tag
Nessun Tag, puoi essere il primo ad aggiungerne!!

MARC

LEADER 00000nam a2200000 4500
001 0272091
005 20240502074305.9
041 0 |a slo 
044 |a SK 
245 1 0 |a eVALU8: Learning by Evaluating  |b zvýšenie kvality výskumu v oblasti hodnotenia podporných politík  |c Valéria Szitásiová 
264 1 |a Bratislava  |c 2015 
300 |a 7 s. 
610 2 0 |a výskum 
610 2 0 |a kvalita 
610 2 0 |a politika verejná 
610 2 0 |a vzdelávanie 
610 2 0 |a vedomosti 
610 2 0 |a hodnotenie pracoviska 
100 1 |a Szitásiová, Valéria, 1987- 
710 2 |a Národohospodárska fakulta EU. Katedra verejnej správy a regionálneho rozvoja